[Event "Codogno op 3rd B"]
[Site "Codogno"]
[Date "2011.10.14"]
[Round "1"]
[White "Cervini, Ernesto"]
[Black "Rancati, William"]
[Result "1-0"]
[WhiteElo "1776"]
[BlackElo "1548"]
[PlyCount "35"]
[EventDate "2011.10.14"]
[EventType "swiss"]
[EventRounds "5"]
[EventCountry "ITA"]
[SourceTitle "EXT 2024"]
[Source "ChessBase"]
[SourceDate "2023.10.10"]
[SourceVersion "1"]
[SourceVersionDate "2023.10.10"]
[SourceQuality "1"]

1. e4 e5 2. Nf3 Nc6 3. Bc4 Bc5 4. 0-0 d6 5. c3 Bg4 6. h3 Bh5 7. b4 Bb6 8. d3 Nf6 9. a4 a6 10. Bg5 h6 11. Be3 Bxe3 12. fxe3 0-0 13. Nbd2 Re8 14. Qe1 Qd7 15. Qg3 Rab8 16. Nh4 Nh7 17. Nf5 Bg6 18. Qxg6 1-0